000
00298nam a2200121Ia 4500
008
190216s9999||||xx |||||||||||||| ||und||
100
_a
Gurtu J N
245
0
_a
Advanced Chemical Calculations
260
_b
Pragathi Prakashan
_c
1978
300
_a
302p
650
_a
Chemistry-Chemistry
942
_c
BK
999
_c
2278
_d
2278